El accidente de abordaje (Record no. 71273)

MARC details
000 -LEADER
campo de control de longitud fija 00477nam a2200145 i 4500
001 - NÚMERO DE CONTROL
campo de control 71273
003 - IDENTIFICADOR DE NÚMERO DE CONTROL
campo de control ES-MaACL
007 - CAMPO FIJO DE DESCRIPCIÓN FÍSICA--INFORMACIÓN GENERAL
campo de control de longitud fija t|
008 - DATOS DE LONGITUD FIJA--INFORMACIÓN GENERAL
campo de control de longitud fija 040806s1913 sp ||||1| spa d
100 1# - ENTRADA PRINCIPAL--NOMBRE DE PERSONA
Nombre de persona Gay de Montellá, Rafael.
9 (RLIN) 56117
245 13 - MENCIÓN DEL TÍTULO
Título El accidente de abordaje
Resto del título : legislación española y derecho marítimo comparado /
Mención de responsabilidad, etc. por Rafael Gay de Montellá.
260 ## - PUBLICACIÓN, DISTRIBUCIÓN, ETC.
Lugar de publicación, distribución, etc. Madrid :
Nombre del editor, distribuidor, etc. [s.n.,
Fecha de publicación, distribución, etc. 1913] (
Fabricante P. Pérez de Velasco)
300 ## - DESCRIPCIÓN FÍSICA
Extensión 230 p. ;
Dimensiones 17 cm.
852 ## - LOCALIZACIÓN
Ubicación ES-MaACL
Número de control de estantería G-15681
Holdings
Estatus retirado Estado de pérdida Estado de daño No para préstamo Biblioteca de origen Biblioteca actual Ubicación en estantería Fecha de adquisición Fuente de adquisición Total de préstamos Signatura topográfica completa Código de barras Visto por última vez Precio de reemplazo Tipo de ítem Koha
        Biblioteca del Ateneo de Madrid Biblioteca del Ateneo de Madrid Sala Pecera Planta 3 17/01/2008     G-15681 1074628 23/02/2023 23/02/2023 Libro impreso